000 00753nam a2200253Ia 4500
003 OSt
005 20220926004742.0
006 a|||||r|||| 00| 0
007 ta
008 220923b |||||||| |||| 00| 0 eng d
020 _a8178292513
037 _cGeneral Book
040 _aRTL
_cRTL
_beng
041 _2eng
_aeng
082 _aY15-49.49G.N9, P3
100 _aKelkar Govind, and others
_9309204
245 0 _aGender relations in forest societies in Asia
_bPatr
260 _a New Delhi
_bSage
_c2003
300 _a325p
_ccm.
500 _aBibliography chapterwise
650 _aWorking Women Sociology
_9237930
942 _hY15-49.49G.N9, P3
_cGB
_2CC
999 _c612188
_d612188